<?xml version="1.0" encoding="UTF-8"?>
<marc:record xmlns:marc="http://www.loc.gov/MARC21/slim">
   <marc:leader>00000nam a2200000 a 4500</marc:leader>
   <marc:datafield ind1="1" ind2=" " tag="100">
      <marc:subfield code="a">Schmidt, Barbara</marc:subfield>
      <marc:subfield code="4">aut</marc:subfield>
      <marc:subfield code="e">Verfasser/-in</marc:subfield>
   </marc:datafield>
   <marc:datafield ind1=" " ind2=" " tag="653">
      <marc:subfield code="a">Bilderbuch ab 4-Jahren</marc:subfield>
   </marc:datafield>
   <marc:datafield ind1=" " ind2=" " tag="653">
      <marc:subfield code="a">Erzähltheater</marc:subfield>
   </marc:datafield>
   <marc:datafield ind1=" " ind2=" " tag="653">
      <marc:subfield code="a">KAMISHIBAI</marc:subfield>
   </marc:datafield>
   <marc:datafield ind1="0" ind2="0" tag="245">
      <marc:subfield code="a">Bildkarten - Kamfu mir helfen?  Kamishibai Bildkarten</marc:subfield>
   </marc:datafield>
   <marc:datafield ind1="0" ind2="0" tag="245">
      <marc:subfield code="b">Kamishibai Erzähltheater</marc:subfield>
   </marc:datafield>
   <marc:datafield ind1=" " ind2="1" tag="264">
      <marc:subfield code="b">Don Bosco Verlag</marc:subfield>
      <marc:subfield code="c">2021</marc:subfield>
   </marc:datafield>
   <marc:datafield ind1="1" ind2=" " tag="490">
      <marc:subfield code="a">Kamishibai Erzähltheater</marc:subfield>
   </marc:datafield>
   <marc:datafield ind1="1" ind2=" " tag="520">
      <marc:subfield code="a">Kamfu mir helfen?  Der Elefant ist gestürzt, und nun hat er eine krumme und geschwollene Nase, mit der er nicht mehr deutlich sprechen kann. Er will seinen schönen Rüssel wieder gerade biegen und bittet andere Tiere um Hilfe. "Ich bin gefpolpert, hingeflogen und hab den Rüffel mir verbogen. Deffegen komme ich fu dir. Kamfu vielleicht helfen mir?", fragt er den Ameisenbär, der auch schon mal Probleme mit dem Rüssel hatte. Doch leider vergebens. Auch das Schwein tut sein Bestes, aber kein guter Rat hilft. Erst die kleine Fliege hat eine Idee, wie der Rüssel wieder so schön wird wie zuvor...</marc:subfield>
   </marc:datafield>
</marc:record>
